Statistiques concernant Cassez les santons de la crèche de Noël sur un dessin

Cliquez ici pour prendre le quiz!

Statistiques générales

  • Ce quiz a été pris 455 fois
  • Le résultat moyen est 11 sur 14

Réponses sur la Carte

Les réponses sont colorées sur une échelle allant du rouge au vert en fonction du pourcentage des utilisateurs qui les ont devinées à leur premier essai. Vous pouvez retrouver ces pourcentages ci-dessous.
 

Statistiques - réponses

Réponse% Correct
L'enfant Jésus
98%
Marie
98%
L'âne
96%
Le bœuf
96%
Joseph
92%
L'ange
92%
Balthazar
89%
Melchior
82%
Les moutons
74%
Gaspard
72%
Le berger
69%
Le meunier
38%
La vieille femme
37%
L'homme ravi
20%

Distribution des résultats

Percentile par nombre de réponses

% des personnes avec chaque résultat

Votre développement - résultats

Vous n’avez pas pris ce quiz